000 00834nam a2200217Ia 4500
003 GCL
008 140319s9999 xx 000 0 ara d
040 _aGCL /
_cGCL
082 0 4 _aق
_b962.04
_bم س
100 1 _aمصطفى النحاس جبر
245 1 0 _aسياسة الاحتلال تجاه الحركة الوطنية: 1906 - 1914 \ مج 2 سياسة الاحتلال تجاه الحركة الوطنية 1914 - 1936 /
_cمصطفى النحاس جبر
260 _aالقاهرة :
_bالهيئة المصرية العامة للكتاب ،
_c1985
300 _a449 ص ؛
_c24 سم
490 _a
650 0 4 _aالعصر الحديث
650 0 4 _aمصر
650 0 4 _aتاريخ
650 0 4 _aحركات التحرير
650 0 4 _aمصر - تاريخ - العصر الحديث - ثورة 1919
942 _2ddc
_cBK
999 _c53008
_d53008